Corrosion-resistant coatings technology (Record no. 68301)

000 -LEADER
fixed length control field 00454nam a22001697a 4500
003 - CONTROL NUMBER IDENTIFIER
control field NUST - PNEC
005 - DATE AND TIME OF LATEST TRANSACTION
control field 20170116181048.0
008 - FIXED-LENGTH DATA ELEMENTS--GENERAL INFORMATION
fixed length control field 150928b xxu||||| |||| 00| 0 eng d
020 ## - INTERNATIONAL STANDARD BOOK NUMBER
International Standard Book Number 0824781600
040 ## - CATALOGING SOURCE
Transcribing agency LIBRARY
082 ## - DEWEY DECIMAL CLASSIFICATION NUMBER
Edition number -
Classification number 620.1122 SUZ
100 ## - MAIN ENTRY--PERSONAL NAME
9 (RLIN) 11779
Personal name Suzuki, Ichiro
245 ## - TITLE STATEMENT
Title Corrosion-resistant coatings technology
Statement of responsibility, etc. Ichiro Suzuki
260 ## - PUBLICATION, DISTRIBUTION, ETC.
Date of publication, distribution, etc. c.1989
650 ## - SUBJECT ADDED ENTRY--TOPICAL TERM
9 (RLIN) 7219
Topical term or geographic name entry element Corrosion and anti-corrosives
General subdivision ME
942 ## - ADDED ENTRY ELEMENTS (KOHA)
Source of classification or shelving scheme
Koha item type Book
Holdings
Withdrawn status Lost status Source of classification or shelving scheme Damaged status Not for loan Permanent Location Current Location Shelving location Date acquired Total Checkouts Full call number Barcode Date last seen Price effective from Koha item type
          Pakistan Navy Engineering College (PNEC) Pakistan Navy Engineering College (PNEC)       620.1122 SUZ PNECLIB-0016679 09/28/2015   Book
© 2023 Central Library, National University of Sciences and Technology. All Rights Reserved.